| 000 | 00000nam##2200000za#4500 |
| 001 | 9.625373 |
| 003 | CaOODSP |
| 005 | 20220808101246 |
| 007 | ta |
| 008 | 150406|2001||||xxc||||| f|0| 0 fre|d |
| 020 | |a0-662-84881-0 |
| 040 | |aCaOODSP|bfre |
| 043 | |an-cn--- |
| 086 | 1 |aEn40-215/54F |
| 110 | 1 |aCanada. |bEnvironnement Canada. |
| 245 | 10|aN,N-diméthylformamide |
| 260 | |aOttawa - Ontario : |bEnvironnement Canada |c2001. |
| 300 | |avii, 76p. : |btableaux ; |c28 cm. |
| 490 | 1 |aListe des substances d'intérêt prioritaire: rapport d'évaluation |
| 504 | |aBibliographie. |
| 563 | |aReliure à spirale |
| 590 | |a01-17|b2001-04-27 |
| 691 | 07|aProduit chimique|2gcpds |
| 691 | 07|aToxicologie|2gcpds |
| 691 | 07|aÉvaluation environnementale|2gcpds |
| 776 | 0#|tN,N-diméthylformamide |w(CaOODSP)9.598065 |
| 830 | #0|aListe des substances d'intérêt prioritaire, rapport d'évaluation.|w(CaOODSP)9.512966 |